[Event "GER-ch Rapid 49th"]
[Site "Dinkelsbuehl"]
[Date "2023.11.12"]
[Round "9"]
[White "Langrock, Hannes"]
[Black "Ochs, Daniel Elias"]
[Result "1-0"]
[WhiteElo "2364"]
[BlackElo "2272"]
[PlyCount "62"]
[EventDate "2023.11.11"]
[EventType "swiss (rapid)"]
[EventRounds "9"]
[EventCountry "GER"]
[SourceTitle "CBM 217 Extra"]
[Source "ChessBase"]
[SourceDate "2024.01.31"]
[SourceVersion "1"]
[SourceVersionDate "2024.01.31"]
[SourceQuality "1"]

1. d4 e6 2. Nf3 d5 3. g3 Nf6 4. Bg2 Be7 5. 0-0 0-0 6. c4 dxc4 7. Ne5 Nc6 8. Bxc6 bxc6 9. Nxc6 Qe8 10. Nxe7+ Qxe7 11. Qa4 a5 12. Nc3 Qb4 13. Qc6 Bb7 14. Qxc7 Rac8 15. Qe5 Rfe8 16. Bh6 Qf8 17. Qxf6 gxf6 18. Bxf8 Kxf8 19. Rfd1 Bc6 20. Rd2 Red8 21. f3 Ke7 22. Kf2 h5 23. e4 Rd7 24. Ke3 Ba8 25. Rc1 Rb7 26. Rcc2 Rb4 27. d5 Rb6 28. f4 Rcb8 29. Kd4 Rc8 30. Ke3 Rcb8 31. Nb1 f5 1-0

[Event "GER-ch Blitz"]
[Site "Viernheim"]
[Date "2023.07.15"]
[Round "18"]
[White "Langrock, Hannes"]
[Black "Dobrikov, Marco"]
[Result "0-1"]
[WhiteElo "2359"]
[BlackElo "2269"]
[PlyCount "91"]
[EventDate "2023.07.15"]
[EventType "tourn (blitz)"]
[EventRounds "29"]
[EventCountry "GER"]
[SourceTitle "CBM 215 Extra"]
[Source "ChessBase"]
[SourceDate "2023.09.30"]
[SourceVersion "1"]
[SourceVersionDate "2023.09.30"]
[SourceQuality "1"]

1. d4 g6 2. Nf3 Bg7 3. g3 Nf6 4. Bg2 0-0 5. 0-0 d6 6. b3 Nbd7 7. Bb2 Re8 8. Nbd2 c6 9. e4 Qc7 10. Re1 b5 11. c4 e5 12. dxe5 dxe5 13. cxb5 cxb5 14. Rc1 Qb6 15. Qe2 Bb7 16. Rc2 a6 17. h3 Rad8 18. Rec1 Bh6 19. Ba3 Rc8 20. Rxc8 Rxc8 21. Rxc8+ Bxc8 22. Qd3 Bb7 23. Bb2 Qc7 24. Ba3 Bf8 25. Bxf8 Kxf8 26. b4 Kg7 27. a3 Nb6 28. Qe3 Nbd7 29. Kh2 h6 30. Ne1 Qc1 31. Nef3 Qc7 32. Qd3 Qb6 33. Ne1 Qxf2 34. Nef3 Qb6 35. Qc3 Qd6 36. Qe3 Qc7 37. g4 Nb6 38. g5 hxg5 39. Qxg5 Nbd7 40. Nh4 Kh7 41. Nhf3 Qc3 42. Qh4+ Kg7 43. Qg5 Qxa3 44. Nxe5 Nxe5 45. Qxe5 Qxb4 46. Qe7 0-1

[Event "GER-ch Blitz"]
[Site "Viernheim"]
[Date "2023.07.15"]
[Round "7"]
[White "Langrock, Hannes"]
[Black "Frischmann, Rick"]
[Result "1-0"]
[WhiteElo "2359"]
[BlackElo "2388"]
[PlyCount "45"]
[EventDate "2023.07.15"]
[EventType "tourn (blitz)"]
[EventRounds "29"]
[EventCountry "GER"]
[SourceTitle "CBM 215 Extra"]
[Source "ChessBase"]
[SourceDate "2023.09.30"]
[SourceVersion "1"]
[SourceVersionDate "2023.09.30"]
[SourceQuality "1"]

1. d4 d5 2. Nf3 Nc6 3. g3 Bf5 4. Bg2 Nb4 5. Na3 e6 6. 0-0 Nc6 7. Bg5 Nf6 8. Ne5 Bxa3 9. bxa3 Nxe5 10. dxe5 h6 11. exf6 hxg5 12. fxg7 Rg8 13. c4 c6 14. cxd5 cxd5 15. Qb3 Qb6 16. Rac1 Rxg7 17. Qc3 Kf8 18. Qe5 Qd8 19. Rfd1 f6 20. Qd4 Rd7 21. e4 e5 22. Qb4+ Kg7 23. exf5 1-0

[Event "GER-ch Blitz"]
[Site "Viernheim"]
[Date "2023.07.15"]
[Round "28"]
[White "Langrock, Hannes"]
[Black "Lenz, Jonas"]
[Result "1-0"]
[WhiteElo "2359"]
[BlackElo "2138"]
[PlyCount "37"]
[EventDate "2023.07.15"]
[EventType "tourn (blitz)"]
[EventRounds "29"]
[EventCountry "GER"]
[SourceTitle "CBM 215 Extra"]
[Source "ChessBase"]
[SourceDate "2023.09.30"]
[SourceVersion "1"]
[SourceVersionDate "2023.09.30"]
[SourceQuality "1"]

1. d4 Nf6 2. Nf3 g6 3. g3 Bg7 4. Bg2 0-0 5. 0-0 d5 6. c4 dxc4 7. Na3 c5 8. dxc5 c3 9. bxc3 Qxd1 10. Rxd1 Ne4 11. Nb5 Na6 12. Nfd4 Bd7 13. Bxe4 Nxc5 14. Bf3 e5 15. Ba3 exd4 16. Bxc5 Bxb5 17. Bxf8 Rxf8 18. cxd4 Rc8 19. Rac1 1-0

[Event "GER-ch Blitz"]
[Site "Viernheim"]
[Date "2023.07.15"]
[Round "12"]
[White "Langrock, Hannes"]
[Black "Pajeken, Jakob Leon"]
[Result "1/2-1/2"]
[WhiteElo "2359"]
[BlackElo "2430"]
[PlyCount "113"]
[EventDate "2023.07.15"]
[EventType "tourn (blitz)"]
[EventRounds "29"]
[EventCountry "GER"]
[SourceTitle "CBM 215 Extra"]
[Source "ChessBase"]
[SourceDate "2023.09.30"]
[SourceVersion "1"]
[SourceVersionDate "2023.09.30"]
[SourceQuality "1"]

1. d4 d5 2. Nf3 Nf6 3. g3 c5 4. Bg2 cxd4 5. 0-0 h6 6. b3 e6 7. Bb2 Bc5 8. Nxd4 0-0 9. c4 dxc4 10. bxc4 Na6 11. Nb5 Nb4 12. Nd2 a6 13. Nb3 Qxd1 14. Rfxd1 axb5 15. Nxc5 bxc4 16. Nxb7 Bxb7 17. Bxb7 Rxa2 18. Rxa2 Nxa2 19. Ra1 Rb8 20. Rxa2 Rxb7 21. Ra8+ Kh7 22. Bxf6 gxf6 23. Rc8 Rb4 24. Kg2 Kg6 25. Kf3 f5 26. Ke3 Rb3+ 27. Kd4 Rb2 28. Ke3 Rc2 29. h4 Rc1 30. Kd2 Rf1 31. Ke3 Rc1 32. Kd2 Rf1 33. Ke3 f4+ 34. gxf4 Rh1 35. Rxc4 Rh3+ 36. f3 Kf6 37. Kf2 Rxh4 38. Kg3 Rh5 39. Rc8 Ra5 40. Rh8 Kg7 41. Rc8 Ra2 42. e3 Re2 43. e4 Kf6 44. Rh8 Kg7 45. Rd8 Re1 46. Kf2 Ra1 47. Kg3 Ra5 48. Rd7 Kf6 49. Rd8 Ra3 50. Rg8 Ra1 51. Kg2 h5 52. Rg5 h4 53. Rh5 Ra2+ 54. Kg1 Ra3 55. Kg2 Ra2+ 56. Kg1 Ra3 57. e5+ 1/2-1/2

[Event "BL2-Ost 2223"]
[Site "Germany"]
[Date "2023.03.18"]
[Round "9.3"]
[White "Weishaeutel, Moritz"]
[Black "Langrock, Hannes"]
[Result "1/2-1/2"]
[WhiteElo "2401"]
[BlackElo "2358"]
[PlyCount "109"]
[EventDate "2022.10.22"]
[EventType "team-tourn"]
[EventRounds "10"]
[EventCountry "GER"]
[SourceTitle "EXT 2024"]
[Source "ChessBase"]
[SourceDate "2023.10.10"]
[SourceVersion "1"]
[SourceVersionDate "2023.10.10"]
[SourceQuality "1"]
[WhiteTeam "Erfurt"]
[BlackTeam "Nickelhuette Aue"]
[WhiteTeamCountry "GER"]
[BlackTeamCountry "GER"]

1. d4 Nf6 2. c4 e6 3. Nc3 d5 4. cxd5 exd5 5. Bg5 Be7 6. e3 h6 7. Bh4 c6 8. Bd3 0-0 9. Nge2 Nbd7 10. 0-0 a5 11. Qc2 Re8 12. f3 b5 13. e4 b4 14. Na4 dxe4 15. fxe4 c5 16. dxc5 Ba6 17. Bxa6 Rxa6 18. c6 Ne5 19. c7 Qd7 20. Rad1 Rc6 21. Qb3 Qxc7 22. Nd4 Rc4 23. Nf5 Rxe4 24. Nxe7+ Qxe7 25. Bxf6 gxf6 26. Qd5 Ng4 27. Qc6 Qe5 28. g3 Ne3 29. Nc5 Nxd1 30. Nxe4 Qd4+ 31. Nf2 Re1 32. Qf3 Rxf1+ 33. Kxf1 Nxb2 34. Qa8+ Kg7 35. Qxa5 Nc4 36. Qh5 Ne5 37. Qe2 f5 38. Nh3 Qd5 39. Qb2 Qd1+ 40. Kg2 Qf3+ 41. Kg1 Qe3+ 42. Kf1 Qe4 43. Nf2 Qc4+ 44. Qe2 Qc3 45. Nd1 Qd4 46. Ne3 Qe4 47. Ng2 Nd3 48. Qd2 Qc4 49. Ne3 Qb5 50. Ke2 Ne5+ 51. Kf2 Qc5 52. Ke2 Qb5+ 53. Kf2 Qc5 54. Ke2 Qb5+ 55. Kf2 1/2-1/2

[Event "BL2-Ost 2223"]
[Site "Germany"]
[Date "2023.02.04"]
[Round "5.5"]
[White "Hoeglauer, Patrick"]
[Black "Langrock, Hannes"]
[Result "1/2-1/2"]
[WhiteElo "2263"]
[BlackElo "2358"]
[PlyCount "92"]
[EventDate "2022.10.22"]
[EventType "team-tourn"]
[EventRounds "10"]
[EventCountry "GER"]
[SourceTitle "EXT 2024"]
[Source "ChessBase"]
[SourceDate "2023.10.10"]
[SourceVersion "1"]
[SourceVersionDate "2023.10.10"]
[SourceQuality "1"]
[WhiteTeam "Bayern Muenchen II"]
[BlackTeam "Nickelhuette Aue"]
[WhiteTeamCountry "GER"]
[BlackTeamCountry "GER"]

1. e4 c5 2. Nf3 e6 3. d4 cxd4 4. Nxd4 Nf6 5. Nc3 Nc6 6. Be3 Be7 7. Be2 0-0 8. f4 d6 9. Bf3 Qc7 10. 0-0 a6 11. Qe2 Nxd4 12. Bxd4 e5 13. Be3 Be6 14. Rfd1 b5 15. f5 Bc4 16. Qd2 b4 17. Nd5 Bxd5 18. exd5 Qb7 19. c4 bxc3 20. bxc3 Rfc8 21. Rac1 Nd7 22. c4 Nc5 23. Rf1 f6 24. Rb1 Qd7 25. Bd1 Bd8 26. Bc2 Qa7 27. Qf2 Ba5 28. Rb3 Qc7 29. Bxc5 Qxc5 30. Qxc5 Rxc5 31. Bd3 Kf8 32. Rfb1 Bc7 33. Ra3 Ke7 34. Kf2 a5 35. Be2 Rb8 36. Rxb8 Bxb8 37. Rg3 Kf8 38. Rb3 Ba7 39. Kf3 Rc7 40. a4 Bc5 41. Rb8+ Kf7 42. Ke4 g6 43. fxg6+ hxg6 44. h4 Kg7 45. g4 Bb4 46. Rb6 Kh6 1/2-1/2

[Event "Berlin Teschner Memorial"]
[Site "Berlin"]
[Date "2022.05.28"]
[Round "5"]
[White "Langrock, Hannes"]
[Black "Klenburg, Mikhail"]
[Result "1/2-1/2"]
[WhiteElo "2351"]
[BlackElo "2346"]
[PlyCount "70"]
[EventDate "2022.05.26"]
[EventType "swiss"]
[EventRounds "7"]
[EventCountry "GER"]
[SourceTitle "CBM 208 Extra"]
[Source "ChessBase"]
[SourceDate "2022.07.31"]
[SourceVersion "1"]
[SourceVersionDate "2022.07.31"]
[SourceQuality "1"]

1. d4 d6 2. Nf3 Nf6 3. g3 g6 4. Bg2 Bg7 5. 0-0 0-0 6. b3 c5 7. Bb2 cxd4 8. Nxd4 d5 9. c4 dxc4 10. bxc4 Qb6 11. Qb3 Nfd7 12. e3 Nc6 13. Na3 Nxd4 14. exd4 Bxd4 15. Bxd4 Qxd4 16. Rfd1 Qf6 17. Nb5 Qb6 18. a4 a5 19. Rd5 Qf6 20. Re1 e6 21. Rd6 Rb8 22. Na7 Nc5 23. Qb5 Qc3 24. Rb1 Qc2 25. Ra1 Ne4 26. Bxe4 Qxe4 27. c5 Ra8 28. Nxc8 Rfxc8 29. Rd7 Qc6 30. Rb1 Ra7 31. Qxc6 Rxc6 32. Rbxb7 Rxb7 33. Rxb7 Rxc5 34. Rb5 Rc1+ 35. Kg2 Ra1 1/2-1/2

[Event "Heraklion Tal Memorial 3rd"]
[Site "Heraklion"]
[Date "2022.05.03"]
[Round "9"]
[White "Langrock, Hannes"]
[Black "Kotsinis, Alexandros"]
[Result "1-0"]
[WhiteElo "2351"]
[BlackElo "2055"]
[PlyCount "81"]
[EventDate "2022.04.25"]
[EventType "tourn"]
[EventRounds "9"]
[EventCountry "GRE"]
[SourceTitle "CBM 208 Extra"]
[Source "ChessBase"]
[SourceDate "2022.07.31"]
[SourceVersion "1"]
[SourceVersionDate "2022.07.31"]
[SourceQuality "1"]

1. d4 d5 2. c4 e6 3. Nf3 Nf6 4. g3 h6 5. Bg2 Bd6 6. 0-0 0-0 7. Nc3 Nc6 8. b3 dxc4 9. bxc4 e5 10. Rb1 Rb8 11. c5 exd4 12. Nxd4 Nxd4 13. Qxd4 Be7 14. Qxd8 Rxd8 15. Bf4 Ne8 16. c6 g5 17. cxb7 Bxb7 18. Bxb7 gxf4 19. Nd5 Bd6 20. gxf4 Kg7 21. Kh1 f5 22. Rb3 Kf7 23. Rfb1 Bc5 24. Ne3 Kf6 25. Bc6 Rxb3 26. Rxb3 Kg6 27. Kg2 Nf6 28. Nxf5 Rd2 29. Rb5 Bb6 30. Kf3 Rxa2 31. h4 h5 32. Ng3 Rc2 33. Rg5+ Kf7 34. Ba4 Rc3+ 35. e3 Ra3 36. Bb5 a5 37. Bc4+ Ke7 38. Nf5+ Kd7 39. Rg7+ Kd8 40. Rg6 Rc3 41. Be6 1-0

[Event "Heraklion Tal Memorial 3rd"]
[Site "Heraklion"]
[Date "2022.04.28"]
[Round "4"]
[White "Sandalakis, Nikolaos"]
[Black "Langrock, Hannes"]
[Result "0-1"]
[WhiteElo "2240"]
[BlackElo "2351"]
[PlyCount "72"]
[EventDate "2022.04.25"]
[EventType "tourn"]
[EventRounds "9"]
[EventCountry "GRE"]
[SourceTitle "CBM 208 Extra"]
[Source "ChessBase"]
[SourceDate "2022.07.31"]
[SourceVersion "1"]
[SourceVersionDate "2022.07.31"]
[SourceQuality "1"]

1. e4 c6 2. d4 d5 3. Nc3 dxe4 4. Nxe4 Nf6 5. Nxf6+ exf6 6. Be3 Bd6 7. Bd3 0-0 8. Ne2 Re8 9. 0-0 Na6 10. c4 Nc7 11. Qc2 g6 12. Nc3 f5 13. Rae1 Bd7 14. Qc1 Qf6 15. c5 Bf8 16. Bf4 Ne6 17. Be5 Qd8 18. g4 f6 19. gxf5 fxe5 20. fxe6 Bxe6 21. d5 Bxd5 22. Nxd5 cxd5 23. Bb5 Re6 24. Rd1 Qh4 25. f4 Rd8 26. Kh1 Bh6 27. Bc4 Bxf4 28. Rxf4 exf4 29. Qd2 Re5 30. Bb3 Kg7 31. Qd4 Qf6 32. Qb4 Rd7 33. Qa4 Qf5 34. Bc2 Qg4 35. Qd4 Qf3+ 36. Kg1 Qe3+ 0-1

[Event "GER-CupT 2122 prel5"]
[Site "Halle"]
[Date "2022.03.27"]
[Round "2.3"]
[White "Schulz, Jens"]
[Black "Langrock, Hannes"]
[Result "1/2-1/2"]
[WhiteElo "2170"]
[BlackElo "2355"]
[PlyCount "51"]
[EventDate "2022.03.26"]
[EventType "team-k.o."]
[EventRounds "2"]
[EventCountry "GER"]
[SourceTitle "EXT 2023"]
[Source "ChessBase"]
[SourceDate "2022.10.05"]
[SourceVersion "1"]
[SourceVersionDate "2022.10.05"]
[SourceQuality "1"]
[WhiteTeam "Nordhorn Blanke"]
[BlackTeam "Aue Nickelhuette"]
[WhiteTeamCountry "GER"]
[BlackTeamCountry "GER"]

1. d4 Nf6 2. Nf3 d5 3. c4 e6 4. g3 dxc4 5. Bg2 Bd7 6. Ne5 Bc6 7. Nxc6 Nxc6 8. Bxc6+ bxc6 9. 0-0 Be7 10. Qa4 0-0 11. Rd1 Rb8 12. a3 h6 13. Nc3 Nd5 14. Qxc4 Nxc3 15. Qxc3 Qd5 16. b4 a5 17. bxa5 c5 18. Be3 Rb3 19. Qc2 c4 20. Bd2 Bxa3 21. Rxa3 Rxa3 22. Bb4 Rxa5 23. Bxa5 Qxa5 24. Qxc4 Rd8 25. Rc1 e5 26. Qxc7 1/2-1/2

[Event "BL2-Ost 2122"]
[Site "Germany"]
[Date "2022.03.06"]
[Round "2.4"]
[White "Langrock, Hannes"]
[Black "Leisch, Lukas"]
[Result "1/2-1/2"]
[WhiteElo "2355"]
[BlackElo "2403"]
[PlyCount "111"]
[EventDate "2022.03.05"]
[EventType "team-tourn"]
[EventRounds "10"]
[EventCountry "GER"]
[SourceTitle "EXT 2023"]
[Source "ChessBase"]
[SourceDate "2022.10.05"]
[SourceVersion "1"]
[SourceVersionDate "2022.10.05"]
[SourceQuality "1"]
[WhiteTeam "Nickelhuette Aue"]
[BlackTeam "Passau"]
[WhiteTeamCountry "GER"]
[BlackTeamCountry "GER"]

1. d4 Nf6 2. Nf3 d5 3. g3 Bf5 4. Bg2 e6 5. c4 c6 6. Nc3 h6 7. Qb3 Qb6 8. c5 Qxb3 9. axb3 Be7 10. h3 Ne4 11. g4 Bh7 12. Bf4 0-0 13. 0-0 Nd7 14. b4 a6 15. Nxe4 Bxe4 16. Ne5 Nxe5 17. Bxe5 Bg6 18. f3 Rfe8 19. e4 Rad8 20. Rad1 Rd7 21. Kf2 Red8 22. Ke3 dxe4 23. fxe4 a5 24. Bd6 Bxd6 25. cxd6 Rxd6 26. e5 R6d7 27. bxa5 Bc2 28. Rd2 Bb3 29. Rc1 Ra8 30. Rc5 Kf8 31. Rd3 Ba4 32. b4 Ke7 33. Rd2 Bb5 34. h4 Rad8 35. Bf3 Rb8 36. Rc1 Rbd8 37. g5 Rh8 38. Rh1 Bc4 39. Rhh2 Rdd8 40. Be4 g6 41. Rc2 Bb3 42. Rb2 Bc4 43. Rbf2 Rdg8 44. h5 gxh5 45. g6 fxg6 46. Rf6 Rg7 47. Bxg6 Rhg8 48. Bxh5 Bd5 49. Rhf2 Kd7 50. Rxh6 Rg3+ 51. Kd2 Rb3 52. Rh7+ Kc8 53. Bf7 Rb2+ 54. Kc1 Rxf2 55. Bxg8 Rf4 56. Rh6 1/2-1/2